[Event "Veteranklassen"]
[Site "Skorping"]
[Date "2017.04.16"]
[Round "4"]
[White "Rasmussen, Jens"]
[Black "Kopperberg, Steen"]
[Result "0-1"]
[WhiteElo "1772"]
[BlackElo "1818"]
[PlyCount "156"]
[EventDate "2017.04.13"]

1. d4 d5 2. Nf3 Nf6 3. e3 c6 4. Bd3 Bg4 5. Nbd2 Nbd7 6. c3 Qc7 7. h3 Bh5 8. Qc2
e5 9. dxe5 Nxe5 10. Nxe5 Qxe5 11. g4 Bg6 12. Nf3 Bxd3 13. Qxd3 Qe4 14. Qxe4+
Nxe4 15. Nd2 Nxd2 16. Bxd2 Be7 17. h4 O-O-O 18. O-O-O Rhe8 19. Rh3 h6 20. Kc2
Rd7 21. Bc1 Bc5 22. Rd3 Rde7 23. b4 Bb6 24. a4 a5 25. f4 Re4 26. bxa5 Bxa5 27.
Rd4 Bb6 28. Rxe4 Rxe4 29. Kb3 Kd7 30. h5 Ke6 31. Bd2 Bd8 32. Bc1 Bb6 33. Rf3
Bc7 34. Ba3 Bb6 35. Bc1 f6 36. Bd2 Kd7 37. g5 fxg5 38. fxg5 hxg5 39. Rf7+ Re7
40. Rf5 Bxe3 41. Bxe3 Rxe3 42. Rxg5 Re7 43. Rg6 Kc7 44. a5 Kb8 45. Ka4 Ka7 46.
Rg5 Re4+ 47. Kb3 Rh4 48. Ka3 Ka6 49. Rxg7 Rxh5 50. Kb4 Rh4+ 51. Kb3 Rc4 52. Rf7
Rc5 53. Rf8 Rxa5 54. Ra8+ Kb6 55. Rg8 Rb5+ 56. Ka3 Kc5 57. Rg4 Ra5+ 58. Kb2 b5
59. Kb3 Ra4 60. Rg6 Rf4 61. Rg3 Rc4 62. Rh3 b4 63. cxb4+ Rxb4+ 64. Ka3 d4 65.
Rd3 Rb5 66. Rd1 Kd5 67. Ka2 c5 68. Rh1 Kc4 69. Rh4 Kc3 70. Rh1 d3 71. Rc1+ Kd2
72. Rh1 c4 73. Rh2+ Kc1 74. Rh1+ Kc2 75. Rh2+ d2 76. Ka3 c3 77. Rg2 Kc1 78. Ka2
Ra5+ 0-1

[Event "Veteranklassen"]
[Site "Skorping"]
[Date "2017.04.16"]
[Round "4"]
[White "Raahauge, Hans"]
[Black "Jarlnaes, Erik"]
[Result "0-1"]
[WhiteElo "1647"]
[BlackElo "1896"]
[PlyCount "62"]
[EventDate "2017.04.13"]

1. e4 e6 2. d4 d5 3. exd5 exd5 4. Nf3 Bg4 5. Be2 Bd6 6. Ne5 Be6 7. b3 Nd7 8.
Nxd7 Qxd7 9. Ba3 Nf6 10. Bxd6 Qxd6 11. Bf3 O-O 12. O-O c5 13. c3 Rac8 14. Nd2
cxd4 15. cxd4 Rc7 16. Rc1 Rfc8 17. Rxc7 Qxc7 18. b4 Qc3 19. Nb3 Qxb4 20. Qb1 b6
21. Rc1 a5 22. Rxc8+ Bxc8 23. Qd1 a4 24. Nc1 Bf5 25. h3 Qb2 26. Kf1 b5 27. g4
Be4 28. Bg2 Bxg2+ 29. Kxg2 Ne4 30. Qe1 Qxd4 31. f3 Qd2+ 0-1

[Event "Veteranklassen"]
[Site "Skorping"]
[Date "2017.04.16"]
[Round "4"]
[White "Asmund, Erik"]
[Black "Kallenbach, Uffe"]
[Result "0-1"]
[WhiteElo "1593"]
[BlackElo "1693"]
[PlyCount "86"]
[EventDate "2017.04.13"]

1. e4 c5 2. Nf3 Nf6 3. e5 Nd5 4. c4 Nb4 5. a3 N4c6 6. b3 e6 7. Bb2 Be7 8. Nc3
a6 9. Ne4 O-O 10. Ng3 d6 11. Be2 dxe5 12. Nxe5 Nd4 13. Bxd4 cxd4 14. d3 Nc6 15.
Nxc6 bxc6 16. O-O c5 17. Bf3 Rb8 18. a4 Qa5 19. Rb1 Rb4 20. Qc2 Bd7 21. Rb2
Rfb8 22. Rfb1 Qb6 23. Bd1 Bxa4 24. Qc1 Bc6 25. Bf3 Bxf3 26. gxf3 Qc6 27. Qd1 a5
28. Nf1 a4 29. Nd2 Bg5 30. Ne4 Bf4 31. Kg2 e5 32. Qe1 f5 33. Ng3 Qg6 34. Kf1
Qg5 35. Ke2 a3 36. Ra2 Rxb3 37. Rxa3 Rxb1 38. Qxb1 Rxb1 39. Ra8+ Kf7 40. Ra7+
Kg6 41. Ra6+ Kf7 42. Ra7+ Ke6 43. Ra6+ Kd7 0-1

[Event "Veteranklassen"]
[Site "Skorping"]
[Date "2017.04.16"]
[Round "4"]
[White "Nielsen, Bent K"]
[Black "Hansen, Torben"]
[Result "0-1"]
[WhiteElo "1371"]
[BlackElo "1592"]
[PlyCount "38"]
[EventDate "2017.04.13"]

1. e4 e6 2. Bc4 d5 3. exd5 exd5 4. Qe2+ Be6 5. Bb3 Nf6 6. Nf3 a6 7. O-O Bd6 8.
d4 O-O 9. Bg5 c6 10. Ne5 h6 11. Bh4 g5 12. Bg3 Be7 13. f4 Ne4 14. Qe3 Nd7 15.
Nd2 Bf5 16. c3 Nxe5 17. fxe5 Qd7 18. Bc2 Nxg3 19. hxg3 Bxc2 0-1

[Event "Veteranklassen"]
[Site "Skorping"]
[Date "2017.04.17"]
[Round "5"]
[White "Pedersen, Kurt"]
[Black "Haugaard, Thomas"]
[Result "0-1"]
[WhiteElo "1915"]
[BlackElo "1744"]
[PlyCount "80"]
[EventDate "2017.04.13"]

1. d4 Nf6 2. Nf3 g6 3. c4 c5 4. d5 b5 5. cxb5 a6 6. b6 d6 7. Nc3 Nbd7 8. e4
Qxb6 9. h3 Bg7 10. Qc2 O-O 11. Be2 a5 12. O-O Ba6 13. Re1 Rfb8 14. a4 Ne8 15.
Rb1 h6 16. Be3 Bxe2 17. Rxe2 Qb3 18. Nd1 Qxc2 19. Rxc2 Rb4 20. Ra1 Rxe4 21. Nc3
Rb4 22. Ra2 Nc7 23. Bd2 Rb3 24. Kf1 Nb6 25. Bc1 Nbxd5 26. Nxd5 Nxd5 27. Re2 Nb4
28. Ra1 e6 29. Nd2 Rd3 30. Rb1 Rb8 31. b3 Na2 32. Bb2 Nc3 33. Bxc3 Bxc3 34. Nc4
Rxb3 35. Rc1 d5 36. Ne5 Bxe5 37. Rxe5 c4 38. Ree1 Rb2 39. Re2 Rxe2 40. Kxe2 Ra3
0-1

[Event "Veteranklassen"]
[Site "Skorping"]
[Date "2017.04.17"]
[Round "5"]
[White "Laursen, Bjorn"]
[Black "Markussen, Benno Orvad"]
[Result "1/2-1/2"]
[WhiteElo "1820"]
[BlackElo "1720"]
[PlyCount "112"]
[EventDate "2017.04.13"]

1. d4 c6 2. e4 d6 3. f4 Qc7 4. Nf3 Bg4 5. h3 Bxf3 6. Qxf3 e5 7. c3 Nd7 8. Bc4
Nb6 9. Bb3 Nf6 10. O-O exd4 11. cxd4 d5 12. e5 Ne4 13. Nc3 Nxc3 14. bxc3 O-O-O
15. a4 Qd7 16. a5 Na8 17. Be3 Nc7 18. c4 dxc4 19. Bxc4 Nd5 20. Bxd5 Qxd5 21.
Rfc1 Qxf3 22. gxf3 a6 23. Rc2 Rd5 24. Rb2 Be7 25. Rab1 Rb5 26. Rxb5 axb5 27. d5
Kd7 28. dxc6+ bxc6 29. Bb6 Ra8 30. Kf2 b4 31. Ke2 c5 32. Kd3 Kc6 33. Kc4 Bd8
34. Rd1 Bc7 35. Bxc7 Kxc7 36. Kxc5 b3 37. Rb1 Rxa5+ 38. Kb4 Kb6 39. Rxb3 Ra2
40. Kc3+ Kc6 41. Kd4 Rh2 42. Rb8 Rxh3 43. Rf8 Rxf3 44. Ke4 Rg3 45. Rxf7 Rg1 46.
Kf5 h5 47. Ra7 h4 48. Ra2 h3 49. Rh2 Rg3 50. Ke4 Kd7 51. f5 Ra3 52. Kf4 Ke7 53.
Rb2 Ra4+ 54. Kg3 Ra3+ 55. Kh2 Rf3 56. Rb7+ Ke8 1/2-1/2

[Event "Veteranklassen"]
[Site "Skorping"]
[Date "2017.04.17"]
[Round "5"]
[White "Kopperberg, Steen"]
[Black "Overgaard, Jorgen"]
[Result "0-1"]
[WhiteElo "1818"]
[BlackElo "1820"]
[PlyCount "114"]
[EventDate "2017.04.13"]

1. d4 d5 2. Nf3 e6 3. c3 Nd7 4. Bf4 f5 5. e3 Be7 6. h3 Ngf6 7.
Nbd2 O-O 8. Qc2 Ne4 9. Nxe4 fxe4 10. Ne5 c5 11. Nxd7 Bxd7 12. Qd2 Qb6 13. Rb1
cxd4 14. exd4 Rf7 15. Be3 Raf8 16. Be2 Qd8 17. O-O Bd6 18. c4 Bf4 19. b4 Qg5
20. Bxf4 Rxf4 21. Rb3 Qf6 22. Qe3 Qg6 23. Kh2 Qf6 24. Kg1 Qg6 25. Kh2 R4f5 26.
Bg4 Rg5 27. cxd5 exd5 28. f4 Bxg4 29. fxg5 Rxf1 30. hxg4 Qd6+ 31. Qg3 Qxg3+ 32.
Kxg3 Rd1 33. Rb2 Rxd4 34. Kf2 Kf7 35. Ke3 Rd3+ 36. Kf4 e3 37. Rc2 d4 38. Rc7+
Kg6 39. Re7 Rd2 40. a4 Rf2+ 41. Ke4 e2 42. Kxd4 Rxg2 43. Kd3 Rxg4 44. Rxe2 Rxb4
45. a5 Rb5 46. Re7 Rxa5 47. Rxb7 Rxg5 48. Rxa7 h5 49. Ke3 Rg1 50. Ke4 Rf1 51.
Ra2 h4 52. Ke3 Kh5 53. Ke2 Rf5 54. Ra8 g5 55. Ra7 h3 56. Ra8 Kg4 57. Ra1 h2 0-1

[Event "Veteranklassen"]
[Site "Skorping"]
[Date "2017.04.17"]
[Round "5"]
[White "Jessen, Ernst J"]
[Black "Jarlnaes, Erik"]
[Result "0-1"]
[WhiteElo "1669"]
[BlackElo "1896"]
[PlyCount "104"]
[EventDate "2017.04.13"]

1. e4 e6 2. d4 d5 3. exd5 exd5 4. Bd3 Bd6 5. Nf3 Bg4 6. O-O Nc6 7. c3 Nge7 8.
Bg5 Qd7 9. Bh4 O-O 10. Bg3 h6 11. Nbd2 Bf5 12. Qc2 Bxd3 13. Qxd3 Ng6 14. Rfe1
Bxg3 15. hxg3 a6 16. Re3 Rfe8 17. Rae1 Rxe3 18. Rxe3 Re8 19. Qe2 Rxe3 20. Qxe3
Qe6 21. Nf1 Kf8 22. Qxe6 fxe6 23. Ne3 Ke7 24. Kf1 Kd6 25. Nh4 Nxh4 26. gxh4 Ne7
27. f3 e5 28. dxe5+ Kxe5 29. g3 c5 30. Ng4+ Kf5 31. Ne3+ Ke5 32. Ng4+ Ke6 33.
Ne3 d4 34. cxd4 cxd4 35. Nd1 Kd5 36. h5 Nf5 37. Kf2 Kc4 38. g4 Ne7 39. Ke2 Nd5
40. Kd2 Nb4 41. b3+ Kd5 42. a3 Nc6 43. Nf2 Ne5 44. Ke2 a5 45. Nd3 a4 46. Nf4+
Kd6 47. bxa4 Kc5 48. Ne6+ Kc4 49. Nxg7 d3+ 50. Kd1 Kc3 51. Nf5 Nc4 52. g5 Nb2+
0-1

[Event "Veteranklassen"]
[Site "Skorping"]
[Date "2017.04.17"]
[Round "5"]
[White "Kallenbach, Uffe"]
[Black "Jensen, Jorgen Michael"]
[Result "1-0"]
[WhiteElo "1693"]
[BlackElo "1611"]
[PlyCount "53"]
[EventDate "2017.04.13"]

1. e4 a6 2. d4 b5 3. Bd3 Bb7 4. f4 e6 5. Nf3 c5 6. c3 Nf6 7. Qe2 cxd4 8. Nxd4
Bc5 9. Nd2 Nc6 10. N2b3 Nxd4 11. cxd4 Bb4+ 12. Bd2 Qe7 13. O-O Rc8 14. Rac1 O-O
15. a3 Bxd2 16. Nxd2 h6 17. Nb3 d6 18. e5 Nd5 19. exd6 Qxd6 20. Qf2 Rxc1 21.
Nxc1 Rc8 22. Nb3 Nf6 23. Nc5 Ba8 24. h3 Nd7 25. Be4 Bxe4 26. Nxe4 Rc4 27. Nxd6
1-0

[Event "Veteranklassen"]
[Site "Skorping"]
[Date "2017.04.17"]
[Round "5"]
[White "Riis, Jens"]
[Black "Rendlev, Niels Moller"]
[Result "0-1"]
[WhiteElo "1670"]
[BlackElo "1774"]
[PlyCount "54"]
[EventDate "2017.04.13"]

1. d4 f5 2. c4 Nf6 3. Nc3 g6 4. e3 Bg7 5. Nf3 d6 6. Be2 O-O 7. O-O Nc6 8. h3 e5
9. dxe5 dxe5 10. Qxd8 Rxd8 11. Rd1 Be6 12. Rxd8+ Rxd8 13. b4 h6 14. b5 Ne7 15.
Nxe5 Ne4 16. Nd5 Bxd5 17. Bb2 Be6 18. Bd4 c5 19. bxc6 Nxc6 20. Nxc6 bxc6 21.
Rd1 Bxd4 22. Rxd4 Rxd4 23. exd4 Nc3 24. Bd3 Kf7 25. Kf1 Na4 26. d5 cxd5 27.
cxd5 Bxd5 0-1

[Event "Veteranklassen"]
[Site "Skorping"]
[Date "2017.04.17"]
[Round "5"]
[White "Hansen, Max Erik"]
[Black "Rasmussen, Jens"]
[Result "0-1"]
[WhiteElo "1872"]
[BlackElo "1772"]
[PlyCount "172"]
[EventDate "2017.04.13"]

1. d4 d5 2. Nc3 e6 3. e4 Bb4 4. e5 c5 5. Bd2 a6 6. a3 Bxc3 7.
bxc3 c4 8. Qg4 g6 9. Nh3 Nc6 10. Be2 Bd7 11. O-O Qe7 12. Bg5 f6 13. exf6 Nxf6
14. Qh4 Rf8 15. Rfb1 O-O-O 16. Rb6 Rde8 17. Rab1 Nd8 18. Qg3 Bc6 19. Rxa6 Qc7
20. Bf4 Ne4 21. Ra8+ Kd7 22. Bxc7 Nxg3 23. Bxg3 Nf7 24. Rxe8 Rxe8 25. f4 h6 26.
Nf2 Ra8 27. Ra1 Ba4 28. Bd1 h5 29. Nh3 Nd6 30. Be1 Nf5 31. Kf2 Nd6 32. Ng5 Ke7
33. Ke3 Ra6 34. Kd2 Kf6 35. g4 hxg4 36. Bxg4 Nf5 37. Bxf5 Kxf5 38. Bg3 Be8 39.
h3 b5 40. Nf3 Ra7 41. Ne5 Rh7 42. h4 Ra7 43. Ke3 Rh7 44. Kf3 Ra7 45. Bf2 Rh7
46. Ng4 Ra7 47. Ne3+ Kf6 48. Bg3 Bd7 49. Nf1 Kf5 50. Bf2 Be8 51. Ng3+ Kf6 52.
Kg4 Bf7 53. h5 gxh5+ 54. Kf3 h4 55. Nf1 Bh5+ 56. Ke3 h3 57. Bh4+ Kf5 58. Ng3+
Kg4 59. Nxh5 Kxh4 60. Nf6 Rf7 61. Nxd5 exd5 62. Kf3 Rg7 63. Rh1 Rg3+ 64. Kf2
Rxc3 65. f5 Rxc2+ 66. Kf3 Rc3+ 67. Kf4 Rxa3 68. f6 Ra7 69. Ke5 Kg3 70. Rg1+ Kf2
71. Rg7 Ra8 72. Rh7 Kg2 73. Rg7+ Kf2 74. Rh7 Ra3 75. f7 Rf3 76. Rxh3 Rxf7 77.
Kxd5 Rf5+ 78. Ke4 Rg5 79. Rc3 Ke2 80. Rc2+ Kd1 81. Rh2 c3 82. Rh1+ Kc2 83. Rh2+
Kb1 84. d5 c2 85. Rxc2 Kxc2 86. d6 b4 0-1

[Event "Veteranklassen"]
[Site "Skorping"]
[Date "2017.04.17"]
[Round "5"]
[White "Jorgensen, Jens AL"]
[Black "Raahauge, Hans"]
[Result "1-0"]
[WhiteElo "1349"]
[BlackElo "1647"]
[PlyCount "49"]
[EventDate "2017.04.13"]

1. e4 e5 2. Nf3 Nf6 3. Nc3 Nc6 4. Bc4 Bb4 5. d3 h6 6. a3 Bxc3+ 7. bxc3 O-O 8.
O-O d5 9. exd5 Nxd5 10. Bd2 Bg4 11. h3 Bh5 12. Rb1 Nb6 13. Ba2 Qf6 14. Re1 Rfe8
15. Re3 Qe7 16. g4 Bg6 17. Rb5 Qxa3 18. Bb3 a6 19. Rbxe5 Nxe5 20. Nxe5 Qd6 21.
Qe1 Kf8 22. Nxg6+ Qxg6 23. Rxe8+ Rxe8 24. Be3 a5 25. Bc5+ 1-0

[Event "Veteranklassen"]
[Site "Skorping"]
[Date "2017.04.17"]
[Round "5"]
[White "Asmund, Erik"]
[Black "Nielsen, Bent K"]
[Result "1/2-1/2"]
[WhiteElo "1593"]
[BlackElo "1371"]
[PlyCount "23"]
[EventDate "2017.04.13"]

1. e4 c5 2. Bc4 e6 3. Nc3 d6 4. Nf3 Nf6 5. d3 Nc6 6. a3 a6 7.
O-O Be7 8. Ne2 Ng4 9. h3 Nge5 10. Nxe5 Nxe5 11. Ba2 b5 12. Bf4 1/2-1/2